Modely dopytu po peniazoch

Špecifikácia modelov dopytu po peniazoch. Stabilita funkcie dopytu po peniazoch. Konkrétne tvary modelov dopytu po peniazoch. Postkeynesiánsky prístup dopytu po peniazoch. Monetaristický prístup.

Na minha lista:
Detalhes bibliográficos
Autor principal: Jurga, Rastislav
Formato: Capítulo de Livro
Idioma:eslovaco
Assuntos:
Tags: Adicionar Tag
Sem tags, seja o primeiro a adicionar uma tag!

MARC

LEADER 00000nla$a2200000$$$4500
001 0105413
005 20240502072150.3
041 0 |a slo 
044 |a SK 
245 1 0 |a Modely dopytu po peniazoch  |c Rastislav Jurga 
520 |a Špecifikácia modelov dopytu po peniazoch. Stabilita funkcie dopytu po peniazoch. Konkrétne tvary modelov dopytu po peniazoch. Postkeynesiánsky prístup dopytu po peniazoch. Monetaristický prístup. 
610 2 0 |a dopyt 
610 2 0 |a peniaze 
610 2 0 |a rovnice stochastické 
610 2 0 |a dôchodky 
610 2 0 |a miera úroková 
100 1 |a Jurga, Rastislav